What Happened in History / (Record no. 186103)
[ view plain ]
| 000 -LEADER | |
|---|---|
| fixed length control field | 00925 a2200169 4500 |
| 003 - CONTROL NUMBER IDENTIFIER | |
| control field | Nust |
| 005 - DATE AND TIME OF LATEST TRANSACTION | |
| control field | 20230330114507.0 |
| 040 ## - CATALOGING SOURCE | |
| Transcribing agency | Nust |
| 082 ## - DEWEY DECIMAL CLASSIFICATION NUMBER | |
| Classification number | 900,CHI |
| 100 ## - MAIN ENTRY--PERSONAL NAME | |
| Personal name | Child, Gordon |
| 9 (RLIN) | 111589 |
| 245 ## - TITLE STATEMENT | |
| Title | What Happened in History / |
| Statement of responsibility, etc. | Gordon Childe , |
| 260 ## - PUBLICATION, DISTRIBUTION, ETC. | |
| Place of publication, distribution, etc. | New York |
| Name of publisher, distributor, etc. | Penguin Book |
| Date of publication, distribution, etc. | 1943 |
| 300 ## - PHYSICAL DESCRIPTION | |
| Extent | 255:p |
| 505 ## - FORMATTED CONTENTS NOTE | |
| Formatted contents note | Arch/Eology and History (Page-7), Pal/Eolithic Savagery (Page-24), Neolithic Barbarism (Page-43), The Higher Barbarism of the Copper Age (Page-61), The Urban Revolution in Mesopotamia (Page-79), Early Bronze age Civilization in Egypt and India (Page-100), The Expansion of Civilization (Page-115), The Culmination of Bronze age Civilization (Page-134), The Early Iron Age (Page-164), Government Religion and Science in the Iron age (Page-182), The Climax of Ancient Civilization (Page-205), The Decline and Fall of the Ancient World (Page-232). |
| 650 ## - SUBJECT ADDED ENTRY--TOPICAL TERM | |
| Topical term or geographic name entry element | History |
| 942 ## - ADDED ENTRY ELEMENTS (KOHA) | |
| Source of classification or shelving scheme | |
| Koha item type | Book |
| Withdrawn status | Lost status | Source of classification or shelving scheme | Damaged status | Not for loan | Permanent Location | Current Location | Shelving location | Date acquired | Full call number | Barcode | Date last seen | Price effective from | Koha item type | Public note |
|---|---|---|---|---|---|---|---|---|---|---|---|---|---|---|
| Military College of Signals (MCS) | Military College of Signals (MCS) | General Stacks | 12/12/2016 | 900,CHI | MCS29400 | 12/08/2016 | 12/12/2016 | Book | Almirah No.75, Shelf No.4 |
